TV Girl Discography - Statistics

General Stats
  • This quiz has been taken 256 times
  • The average score is 25 of 104
Answer Stats
% Correct
Lovers Rock
84%
Not Allowed
84%
Cigarettes Out the Window
76%
Taking What's Not Yours
70%
Blue Hair
66%
Birds Don't Sing
62%
Louise
62%
French Exit (2014)
60%
The Blonde
58%
Loving Machine
57%
Who Really Cares (2016)
56%
Song About Me
54%
Pantyhose
51%
Safeword
51%
Death of a Party Girl (2018)
50%
Heaven is a Bedroom
50%
Summer's Over
50%
Death of a Party Girl
49%
Summer's Over (2021)
49%
Anjela
47%
Grapes Upon the Vine
46%
Grapes Upon the Vine (2023)
46%
Daughter of a Cop
45%
Better in the Dark
44%
For You
44%
Hate Yourself
44%
(Do The) Act Like You Never Met Me
41%
Pretty Boy
39%
Her and Her Friend
38%
99.5
35%
Jump the Turnstile
33%
Till You Tell Me to Leave
33%
Cynical One
31%
Come When You Call
30%
Talk to Strangers
29%
The Getaway
29%
Fire
28%
King of Echo Park
26%
Lonely Girls
25%
Shame
25%
Drift Down
23%
Every Stupid Actress
23%
I'll Be Faithful
23%
Legendary Lovers
21%
Sweet to Dream
21%
7 Days Til Sunday
20%
The Party's Not Over
20%
Big Black Void
19%
Lo on the Hi-Way
19%
Ordinary Day
19%
Hang On
18%
One of These Mornings
18%
The Night Time
18%
AESTHETICADELICA (2020)
17%
All The Way Through
17%
Higher Ground
16%
Heaven Over our Heads
15%
Beautiful Horses
13%
Magazines
13%
Symphony of Death
12%
Escalators to the Moon
11%
No Looking
11%
Sweat Like Wine
11%
Ugly Butterfly
11%
Vapor Season
11%
Magazines (Pt. II)
10%
Running in Place
10%
Maddie Acid's Purple Hearts Club Band (2018)
9%
This is the Dream
9%
Kamikazee
7%
Chocolate Ice Cream Land
6%
Cut Chop Break Burn
6%
Electric Kool Aid
6%
Fallout
6%
Make it Pop
6%
Speak French
6%
I Thought You Were Cool
5%
I Wonder Who She's Kissing Now
5%
Keep Me Distracted
5%
Loud and Clear
5%
Maddie in Heaven
5%
Mirror Mirror
5%
Pocketful of Posies
5%
The Artist
5%
All a Dream
4%
Flip the Record!
4%
It Evaporates
4%
Jane's Critique
4%
Loneliness Can Be Demanding
4%
Misery
4%
On the Fence
4%
Sweaters
4%
The Wild, The Innocent, The TV Shuffle (2012)
4%
Keep Me Distracted Part. II
3%
Ace of Tre (2023)
2%
Love Someone
2%
Melatonin
1%
Tidal Wave
1%
Wasted Youth
1%
Drinks
0%
Orange Year
0%
Sheena
0%
TV in the Bedroon
0%
White Hot
0%
No matching quizzes found
Score Distribution
Percent of People with Each Score
Percentile by Number Answered
Your Score History
You have not taken this quiz